| 000 | 01602cam a2200457 4500 | ||
|---|---|---|---|
| 003 | PE-LiUPU | ||
| 005 | 20250731173338.0 | ||
| 020 | _a8433006908 | ||
| 035 | _a(Sirsi) i9788433006905 | ||
| 035 | _a(Sirsi) 10439 | ||
| 035 | _a(Sirsi) 10439 | ||
| 041 | _aes | ||
| 044 | _aes | ||
| 082 | 0 | 4 |
_a262.72 _bL73 |
| 100 | 1 | _aLohfink, Gerhard | |
| 245 | 1 | 3 |
_aLa iglesia que Jesús quería: dimensión comunitaria de la fe cristiana / _cGerhard Lohfink. |
| 264 | 1 |
_aBilbao : _bDesclee de Brouwer, _c1986. |
|
| 300 |
_a202 páginas ; _c21 cm. |
||
| 490 | 0 |
_aColección Cristianismo y Sociedad _v12 |
|
| 504 | _aNota Bibliografica | ||
| 505 | 0 | _aLa predicación del bautista -- La institución de los doce -- Los enfermeros del pueblo de Dios -- La súplica de reunión en el Padre Nuestro -- La peregrinación de los gentiles -- La crisis de Israel -- La muerte por los muchos -- El reino d | |
| 526 | _aSEG42 | ||
| 526 | _aSEG41 | ||
| 526 | _aSEG40 | ||
| 526 | _aSEG39 | ||
| 526 | _aP94 | ||
| 526 | _aP87 | ||
| 526 | _aP86 | ||
| 526 | _aP85 | ||
| 526 | _aP77 | ||
| 526 | _aP76 | ||
| 526 | _aP35 | ||
| 600 | 0 | 4 |
_aJesucristo _xEnseñanzas. _9933 |
| 650 | 1 | 4 |
_aIglesia _xEnseñanza bíblica. |
| 942 |
_2ddc _cBOOK |
||
| 949 |
_a262.72 L73 _i29070 _lCCODEBUL1 _mBUL _tLIBRO _o.STAFF. Circulación |
||
| 859 |
_q29070 _h262.72 _iL73 |
||
| 910 | _aaj-sj | ||
| 596 | _a1 | ||
| 999 |
_a262.72 L73 _wDEWEY _c49427 _i29070 _f2021-11-12 _g5 _lCCODEBUL1 _mBUL _r0 _sY _tBOOK _u2015-4-23 _xTEOLOGIA _zUNKNOWN _0COMPRA _o.STAFF. Colección General _d49427 |
||
| 980 |
_81 _gALBERTO SANCHEZ Responsable de Automatización |
||